| 000 -LEADER |
| fixed length control field |
01292cam a22003614a 4500 |
| 001 - CONTROL NUMBER |
| control field |
15179078 |
| 005 - DATE AND TIME OF LATEST TRANSACTION |
| control field |
20220711123633.0 |
| 008 - FIXED-LENGTH DATA ELEMENTS--GENERAL INFORMATION |
| fixed length control field |
080213s2008 nyua b 001 0 eng c |
| 010 ## - LIBRARY OF CONGRESS CONTROL NUMBER |
| LC control number |
2008922934 |
| 015 ## - NATIONAL BIBLIOGRAPHY NUMBER |
| National bibliography number |
GBA814098 |
| Source |
bnb |
| 016 7# - NATIONAL BIBLIOGRAPHIC AGENCY CONTROL NUMBER |
| Record control number |
014508827 |
| Source |
Uk |
| 020 ## - INTERNATIONAL STANDARD BOOK NUMBER |
| International Standard Book Number |
9780387338415 (hbk.) |
| 020 ## - INTERNATIONAL STANDARD BOOK NUMBER |
| International Standard Book Number |
0387338411 (hbk.) |
| 035 ## - SYSTEM CONTROL NUMBER |
| System control number |
(OCoLC)ocn191755563 |
| 040 ## - CATALOGING SOURCE |
| Original cataloging agency |
UKM |
| Transcribing agency |
UKM |
| Modifying agency |
BAKER |
| -- |
OHX |
| -- |
OCLCG |
| -- |
CDX |
| -- |
TJC |
| -- |
DLC |
| 042 ## - AUTHENTICATION CODE |
| Authentication code |
pcc |
| 050 00 - LIBRARY OF CONGRESS CALL NUMBER |
| Classification number |
QA612.23 |
| Item number |
.K37 2008 |
| 080 ## - UNIVERSAL DECIMAL CLASSIFICATION NUMBER |
| Universal Decimal Classification number |
514 K-22 |
| 100 1# - MAIN ENTRY--PERSONAL NAME |
| Personal name |
Kassel, Christian. |
| 9 (RLIN) |
14352 |
| 245 10 - TITLE STATEMENT |
| Title |
Braid groups / |
| Statement of responsibility, etc. |
Christian Kassel, Vladimir Turaev ; with the graphical assistance of Olivier Dodane. |
| 260 ## - PUBLICATION, DISTRIBUTION, ETC. |
| Place of publication, distribution, etc. |
New York, NY : |
| Name of publisher, distributor, etc. |
Springer, |
| Date of publication, distribution, etc. |
c2008. |
| 300 ## - PHYSICAL DESCRIPTION |
| Extent |
xi, 340 p. : |
| Other physical details |
ill. ; |
| Dimensions |
25 cm. |
| 440 #0 - SERIES STATEMENT/ADDED ENTRY--TITLE |
| Title |
Graduate texts in mathematics ; |
| Volume/sequential designation |
247 |
| 9 (RLIN) |
9001 |
| 504 ## - BIBLIOGRAPHY, ETC. NOTE |
| Bibliography, etc. note |
Includes bibliographical references (p. [327]-336) and index. |
| 650 #0 - SUBJECT ADDED ENTRY--TOPICAL TERM |
| Topical term or geographic name entry element |
Braid theory. |
| 9 (RLIN) |
14353 |
| 650 #0 - SUBJECT ADDED ENTRY--TOPICAL TERM |
| Topical term or geographic name entry element |
გეომეტრია |
| 9 (RLIN) |
14354 |
| 650 #0 - SUBJECT ADDED ENTRY--TOPICAL TERM |
| Topical term or geographic name entry element |
მათემატიკა |
| 9 (RLIN) |
14346 |
| 700 1# - ADDED ENTRY--PERSONAL NAME |
| Personal name |
Turaev, V. G. |
| Fuller form of name |
(Vladimir G.), |
| Dates associated with a name |
1954- |
| 9 (RLIN) |
14355 |
| 906 ## - LOCAL DATA ELEMENT F, LDF (RLIN) |
| a |
7 |
| b |
cbc |
| c |
pccadap |
| d |
2 |
| e |
epcn |
| f |
20 |
| g |
y-gencatlg |
| 942 ## - ADDED ENTRY ELEMENTS (KOHA) |
| Source of classification or shelving scheme |
|
| Koha item type |
წიგნი |